東京府35区 - Statistics

General Stats
  • This quiz has been taken 863 times
  • The average score is 20 of 35
Answer Stats
Answer % Correct
品川区
83%
渋谷区
82%
江戸川区
78%
目黒区
77%
豊島区
77%
板橋区
77%
世田谷区
76%
葛飾区
76%
足立区
75%
蒲田区
74%
中野区
74%
杉並区
73%
大森区
69%
荒川区
67%
神田区
65%
浅草区
62%
日本橋区
61%
麹町区
54%
四谷区
53%
本郷区
50%
赤坂区
49%
王子区
49%
小石川区
47%
芝区
45%
淀橋区
45%
牛込区
44%
本所区
44%
京橋区
42%
麻布区
42%
深川区
41%
滝野川区
34%
荏原区
32%
下谷区
30%
城東区
29%
向島区
27%
No matching quizzes found
Score Distribution
Percent of People with Each Score
Percentile by Number Answered
Your Score History
You have not taken this quiz